[Event "ODJM A 2025"]
[Site "Willingen GER"]
[Date "2025.06.14"]
[Round "9"]
[White "Hofmann, Benjamin"]
[Black "Paeslack, Luis"]
[Result "0-1"]
[Termination "normal"]
[Board "11"]
[WhiteElo "1944"]
[BlackElo "2091"]
[WhiteClock "00:25:31"]
[BlackClock "00:04:38"]
[PlyCount "116"]
[WhiteFideId "16270266"]
[BlackFideId "12987760"]
[EventCountry "GER"]
[EventRounds "9"]
[EventType "swiss"]
[EventDate "2025.06.07"]

1. d4 {[%clk 01:30:59]} Nf6 {[%clk 01:30:29]} {[%emt 00:00:31]} 2. Nf3 {[%clk
01:31:23]} {[%emt 00:00:06]} d5 {[%clk 01:29:21]} {[%emt 00:01:38]} 3. g3
{[%clk 01:31:17]} {[%emt 00:00:36]} Bf5 {[%clk 01:28:19]} {[%emt 00:01:32]} 4.
c4 {[%clk 01:31:39]} {[%emt 00:00:08]} e6 {[%clk 01:28:09]} {[%emt 00:00:40]}
5. Nc3 {[%clk 01:32:01]} {[%emt 00:00:08]} h6 {[%clk 01:27:40]} {[%emt
00:00:59]} 6. Bg2 {[%clk 01:31:43]} {[%emt 00:00:47]} c6 {[%clk 01:26:58]}
{[%emt 00:01:14]} 7. Qb3 {[%clk 01:28:29]} {[%emt 00:03:43]} Qb6 {[%clk
01:22:49]} {[%emt 00:04:39]} 8. c5 {[%clk 01:27:46]} {[%emt 00:01:13]} Qxb3
{[%clk 01:21:59]} {[%emt 00:01:21]} 9. axb3 {[%clk 01:28:10]} {[%emt 00:00:06]}
Na6 {[%clk 01:21:38]} {[%emt 00:00:50]} 10. Ra4 {[%clk 01:23:04]} {[%emt
00:05:35]} Nd7 {[%clk 01:15:41]} {[%emt 00:06:28]} 11. O-O {[%clk 01:09:37]}
{[%emt 00:13:56]} g5 {[%clk 01:12:09]} {[%emt 00:04:02]} 12. Bd2 {[%clk
00:57:37]} {[%emt 00:12:32]} Nc7 {[%clk 00:59:07]} {[%emt 00:13:32]} 13. Rfa1
{[%clk 00:53:18]} {[%emt 00:04:48]} a6 {[%clk 00:54:27]} {[%emt 00:05:11]} 14.
h4 {[%clk 00:45:02]} {[%emt 00:08:45]} f6 {[%clk 00:52:39]} {[%emt 00:02:19]}
15. Bf1 {[%clk 00:41:37]} {[%emt 00:03:55]} Kf7 {[%clk 00:38:16]} {[%emt
00:14:53]} 16. b4 {[%clk 00:37:10]} {[%emt 00:04:56]} Be7 {[%clk 00:35:37]}
{[%emt 00:03:09]} 17. e3 {[%clk 00:33:06]} {[%emt 00:04:35]} Rag8 {[%clk
00:22:24]} 18. Kh2 {[%clk 00:29:06]} {[%emt 00:30:30]} e5 {[%clk 00:15:44]} 19.
Be2 Ne6 {[%clk 00:12:53]} {[%emt 00:03:00]} 20. dxe5 {[%clk 00:16:01]} {[%emt
00:09:19]} fxe5 {[%clk 00:12:44]} {[%emt 00:00:38]} 21. Rg1 {[%clk 00:14:27]}
{[%emt 00:02:04]} e4 {[%clk 00:05:39]} {[%emt 00:07:36]} 22. Nd4 {[%clk
00:13:01]} {[%emt 00:01:55]} Nxd4 {[%clk 00:04:52]} {[%emt 00:01:17]} 23. exd4
{[%clk 00:13:27]} {[%emt 00:00:04]} Bf6 {[%clk 00:04:09]} {[%emt 00:01:14]} 24.
g4 {[%clk 00:12:20]} {[%emt 00:01:36]} Be6 {[%clk 00:04:06]} {[%emt 00:00:33]}
25. Be3 {[%clk 00:12:21]} {[%emt 00:00:29]} gxh4 {[%clk 00:03:42]} {[%emt
00:00:54]} 26. f4 {[%clk 00:12:09]} {[%emt 00:00:42]} exf3 {[%clk 00:03:49]}
{[%emt 00:00:23]} 27. Bxf3 {[%clk 00:12:32]} {[%emt 00:00:08]} Bg5 {[%clk
00:03:26]} {[%emt 00:00:52]} 28. Nd1 {[%clk 00:11:18]} {[%emt 00:01:44]} Nf6
{[%clk 00:02:46]} {[%emt 00:01:10]} 29. Ra3 {[%clk 00:10:47]} {[%emt 00:01:02]}
Re8 {[%clk 00:02:44]} {[%emt 00:00:32]} 30. Nf2 {[%clk 00:09:11]} {[%emt
00:02:05]} Kg7 {[%clk 00:01:18]} {[%emt 00:01:56]} 31. Bd1 {[%clk 00:08:15]}
{[%emt 00:01:26]} Ne4 {[%clk 00:01:04]} {[%emt 00:00:45]} 32. Nxe4 dxe4 {[%clk
00:01:32]} 33. Bc2 {[%clk 00:08:08]} {[%emt 00:00:32]} Bd5 {[%clk 00:01:15]}
{[%emt 00:00:48]} 34. Re1 {[%clk 00:07:22]} {[%emt 00:01:15]} Rhf8 {[%clk
00:01:13]} {[%emt 00:00:32]} 35. Kg2 {[%clk 00:05:50]} {[%emt 00:02:03]} Re7
{[%clk 00:01:12]} {[%emt 00:00:31]} 36. Bd1 {[%clk 00:05:17]} {[%emt 00:01:03]}
Ref7 {[%clk 00:01:18]} {[%emt 00:00:24]} 37. Kg1 {[%clk 00:03:27]} {[%emt
00:02:20]} Rf6 {[%clk 00:01:29]} {[%emt 00:00:19]} 38. Rc3 {[%clk 00:03:12]}
{[%emt 00:00:46]} R8f7 {[%clk 00:01:14]} {[%emt 00:00:44]} 39. Bc2 {[%clk
00:03:02]} {[%emt 00:00:39]} Re7 {[%clk 00:00:49]} {[%emt 00:00:56]} 40. Kg2
{[%clk 00:01:41]} {[%emt 00:01:51]} Kg6 {[%clk 00:00:52]} {[%emt 00:00:27]} 41.
Re2 {[%clk 00:29:54]} {[%emt 00:02:17]} Bxe3 {[%clk 00:20:48]} {[%emt
00:10:33]} 42. Rcxe3 {[%clk 00:30:01]} {[%emt 00:00:23]} Rf4 {[%clk 00:21:02]}
{[%emt 00:00:16]} 43. Kh3 {[%clk 00:29:42]} {[%emt 00:00:49]} Kg5 {[%clk
00:21:11]} {[%emt 00:00:20]} 44. Re1 {[%clk 00:28:43]} {[%emt 00:01:30]} Ref7
{[%clk 00:13:13]} {[%emt 00:08:28]} 45. Bxe4 {[%clk 00:26:07]} {[%emt
00:03:07]} Bxe4 {[%clk 00:12:30]} {[%emt 00:01:13]} 46. Rxe4 {[%clk 00:26:31]}
{[%emt 00:00:06]} Rf3+ {[%clk 00:12:07]} {[%emt 00:00:53]} 47. Kh2 {[%clk
00:26:55]} {[%emt 00:00:06]} Rf2+ {[%clk 00:12:32]} {[%emt 00:00:05]} 48. Kh1
{[%clk 00:27:18]} {[%emt 00:00:07]} Rxb2 {[%clk 00:12:04]} {[%emt 00:00:58]}
49. Re8 {[%clk 00:25:25]} {[%emt 00:02:23]} h3 {[%clk 00:09:34]} {[%emt
00:03:00]} 50. R8e5+ {[%clk 00:25:15]} {[%emt 00:00:40]} Kg6 {[%clk 00:05:31]}
{[%emt 00:04:33]} 51. Rh5 {[%clk 00:25:21]} {[%emt 00:00:24]} Rxb4 {[%clk
00:04:49]} {[%emt 00:01:12]} 52. Re6+ {[%clk 00:24:58]} {[%emt 00:00:53]} Rf6
{[%clk 00:04:16]} {[%emt 00:01:03]} 53. Rxf6+ Kxf6 {[%clk 00:04:45]} 54. Rxh3
{[%clk 00:24:43]} {[%emt 00:00:11]} Kg5 {[%clk 00:04:16]} {[%emt 00:00:58]} 55.
Rh5+ {[%clk 00:25:06]} {[%emt 00:00:07]} Kxg4 {[%clk 00:04:25]} {[%emt
00:00:22]} 56. Rxh6 {[%clk 00:25:19]} {[%emt 00:00:16]} Rxd4 {[%clk 00:04:39]}
{[%emt 00:00:16]} 57. Rd6 {[%clk 00:25:07]} {[%emt 00:00:41]} Rd5 {[%clk
00:04:23]} {[%emt 00:00:46]} 58. Rg6+ {[%clk 00:25:31]} {[%emt 00:00:06]} Rg5
{[%clk 00:04:38]} {[%emt 00:00:15]} 0-1

[Event "ODJM A 2025"]
[Site "Willingen GER"]
[Date "2025.06.14"]
[Round "9"]
[White "Longo, Massimo"]
[Black "Astner, Sebastian"]
[Result "1/2-1/2"]
[Termination "normal"]
[Board "12"]
[WhiteElo "2081"]
[BlackElo "1930"]
[WhiteClock "00:19:38"]
[BlackClock "00:40:11"]
[PlyCount "77"]
[WhiteFideId "16205227"]
[BlackFideId "12979422"]
[EventCountry "GER"]
[EventRounds "9"]
[EventType "swiss"]
[EventDate "2025.06.07"]

1. d4 {[%clk 01:30:59]} Nf6 {[%clk 01:29:07]} {[%emt 00:01:54]} 2. Nf3 {[%clk
01:31:21]} {[%emt 00:00:07]} d5 {[%clk 01:28:12]} {[%emt 00:01:25]} 3. e3
{[%clk 01:31:40]} {[%emt 00:00:12]} Bg4 {[%clk 01:27:16]} {[%emt 00:01:25]} 4.
Nbd2 {[%clk 01:32:03]} {[%emt 00:00:07]} Nbd7 {[%clk 01:27:09]} {[%emt
00:00:38]} 5. h3 {[%clk 01:30:12]} {[%emt 00:02:21]} Bh5 {[%clk 01:27:18]}
{[%emt 00:00:21]} 6. Be2 {[%clk 01:28:33]} {[%emt 00:02:08]} e6 {[%clk
01:26:56]} {[%emt 00:00:52]} 7. O-O {[%clk 01:27:04]} {[%emt 00:01:59]} c6
{[%clk 01:25:56]} {[%emt 00:01:31]} 8. b3 {[%clk 01:25:07]} {[%emt 00:02:27]}
Bd6 {[%clk 01:24:10]} {[%emt 00:02:15]} 9. Bb2 {[%clk 01:25:09]} {[%emt
00:00:28]} O-O {[%clk 01:24:19]} {[%emt 00:00:21]} 10. Ne5 {[%clk 01:20:28]}
{[%emt 00:05:11]} Bxe2 {[%clk 01:21:15]} {[%emt 00:03:35]} 11. Qxe2 {[%clk
01:19:53]} {[%emt 00:01:05]} Ne4 {[%clk 01:20:20]} {[%emt 00:01:25]} 12. Nxe4
{[%clk 01:15:56]} {[%emt 00:04:26]} dxe4 {[%clk 01:20:46]} {[%emt 00:00:04]}
13. Nc4 {[%clk 01:15:45]} {[%emt 00:00:42]} Bc7 {[%clk 01:19:48]} {[%emt
00:01:28]} 14. Ba3 {[%clk 01:15:19]} {[%emt 00:00:56]} Re8 {[%clk 01:19:19]}
{[%emt 00:01:00]} 15. Nd6 {[%clk 01:10:59]} {[%emt 00:04:50]} Bxd6 {[%clk
01:19:43]} {[%emt 00:00:06]} 16. Bxd6 {[%clk 01:11:23]} {[%emt 00:00:04]} e5
{[%clk 01:08:06]} {[%emt 00:12:07]} 17. Rad1 {[%clk 01:08:09]} {[%emt
00:03:43]} Qf6 {[%clk 01:06:45]} {[%emt 00:01:51]} 18. Qg4 {[%clk 00:52:58]}
{[%emt 00:15:41]} Qxd6 {[%clk 00:57:59]} {[%emt 00:09:18]} 19. dxe5 {[%clk
00:50:45]} {[%emt 00:02:42]} Nxe5 {[%clk 00:57:40]} {[%emt 00:00:49]} 20. Rxd6
{[%clk 00:51:03]} {[%emt 00:00:11]} Nxg4 {[%clk 00:58:06]} {[%emt 00:00:05]}
21. hxg4 {[%clk 00:51:28]} {[%emt 00:00:06]} Rad8 {[%clk 00:58:12]} {[%emt
00:00:23]} 22. Rfd1 {[%clk 00:51:46]} {[%emt 00:00:12]} Rxd6 {[%clk 00:58:38]}
{[%emt 00:00:06]} 23. Rxd6 {[%clk 00:52:12]} {[%emt 00:00:03]} Kf8 {[%clk
00:59:02]} {[%emt 00:00:06]} 24. Kh2 {[%clk 00:48:59]} {[%emt 00:03:42]} Ke7
{[%clk 00:56:32]} {[%emt 00:03:01]} 25. Rd4 {[%clk 00:48:46]} {[%emt 00:00:42]}
Kf6 {[%clk 00:56:57]} {[%emt 00:00:06]} 26. Kg3 {[%clk 00:48:46]} {[%emt
00:00:29]} Re7 {[%clk 00:56:59]} {[%emt 00:00:29]} 27. Rd6+ {[%clk 00:46:38]}
{[%emt 00:02:38]} Ke5 {[%clk 00:57:08]} {[%emt 00:00:21]} 28. Rd8 {[%clk
00:46:28]} {[%emt 00:00:40]} g5 {[%clk 00:56:14]} {[%emt 00:01:25]} 29. Kh2
{[%clk 00:46:24]} {[%emt 00:00:34]} Ke6 {[%clk 00:55:08]} {[%emt 00:01:35]} 30.
Rd4 {[%clk 00:46:10]} {[%emt 00:00:44]} f5 {[%clk 00:53:38]} {[%emt 00:02:00]}
31. Kg3 {[%clk 00:39:17]} {[%emt 00:07:23]} Ke5 {[%clk 00:50:26]} {[%emt
00:03:42]} 32. gxf5 {[%clk 00:39:39]} {[%emt 00:00:08]} Kxf5 {[%clk 00:50:50]}
{[%emt 00:00:07]} 33. Rd8 {[%clk 00:37:59]} {[%emt 00:02:09]} h5 {[%clk
00:50:31]} {[%emt 00:00:48]} 34. Rf8+ {[%clk 00:36:46]} {[%emt 00:01:43]} Kg6
{[%clk 00:50:32]} {[%emt 00:00:29]} 35. Rd8 {[%clk 00:35:11]} {[%emt 00:02:05]}
Kf5 {[%clk 00:46:43]} {[%emt 00:04:19]} 36. Kh2 {[%clk 00:22:54]} {[%emt
00:12:46]} Rf7 {[%clk 00:43:23]} {[%emt 00:04:17]} 37. Kg1 {[%clk 00:22:14]}
{[%emt 00:00:44]} Ke6 {[%clk 00:40:11]} {[%emt 00:03:43]} 38. Rd4 {[%emt
00:04:56]} Ke5 39. Rd8 {[%clk 00:19:38]} {[%emt 00:01:05]} 1/2-1/2

[Event "ODJM A 2025"]
[Site "Willingen GER"]
[Date "2025.06.14"]
[Round "9"]
[White "Hoffmann, Kay"]
[Black "Werner, Florin"]
[Result "1-0"]
[Termination "normal"]
[Board "13"]
[WhiteElo "2123"]
[BlackElo "1970"]
[WhiteClock "00:37:20"]
[BlackClock "01:20:34"]
[PlyCount "66"]
[WhiteFideId "16227000"]
[BlackFideId "16250230"]
[EventCountry "GER"]
[EventRounds "9"]
[EventType "swiss"]
[EventDate "2025.06.07"]

1. d4 {[%clk 01:30:57]} {[%emt 00:00:02]} d5 {[%clk 01:30:53]} {[%emt
00:00:08]} 2. Bf4 {[%clk 01:31:06]} {[%emt 00:00:22]} Nf6 {[%clk 01:31:15]}
{[%emt 00:00:07]} 3. e3 {[%clk 01:31:32]} {[%emt 00:00:03]} c5 {[%clk
01:31:37]} {[%emt 00:00:09]} 4. c3 {[%clk 01:31:57]} {[%emt 00:00:05]} Nc6
{[%clk 01:32:01]} {[%emt 00:00:04]} 5. Nf3 {[%clk 01:32:23]} {[%emt 00:00:05]}
Bg4 {[%clk 01:31:53]} {[%emt 00:00:38]} 6. Nbd2 {[%clk 01:32:39]} {[%emt
00:00:14]} e6 {[%clk 01:32:18]} {[%emt 00:00:06]} 7. Qb3 {[%clk 01:32:54]}
{[%emt 00:00:14]} Qc8 {[%clk 01:32:44]} {[%emt 00:00:05]} 8. h3 {[%clk
01:32:51]} {[%emt 00:00:33]} Bh5 {[%clk 01:32:50]} {[%emt 00:00:23]} 9. Bb5
{[%clk 01:31:36]} {[%emt 00:01:45]} Be7 {[%clk 01:22:31]} {[%emt 00:10:50]} 10.
Ne5 {[%clk 01:26:45]} {[%emt 00:05:20]} Nd7 {[%clk 01:20:34]} {[%emt 00:02:27]}
11. c4 {[%clk 00:37:20]} cxd4 {[%clk 01:20:34]} 12. cxd5 {[%clk 00:37:20]}
Ncxe5 {[%clk 01:20:34]} 13. dxe6 {[%clk 00:37:20]} Nc6 {[%clk 01:20:34]} 14.
exd7+ {[%clk 00:37:20]} Qxd7 {[%clk 01:20:34]} 15. O-O {[%clk 00:37:20]} O-O
{[%clk 01:20:34]} 16. Rac1 {[%clk 00:37:20]} Rfc8 {[%clk 01:20:34]} 17. Rfe1
{[%clk 00:37:20]} dxe3 {[%clk 01:20:34]} 18. Qxe3 {[%clk 00:37:20]} Bf6 {[%clk
01:20:34]} 19. Nc4 {[%clk 00:37:20]} Bd4 {[%clk 01:20:34]} 20. Qd2 {[%clk
00:37:20]} Rd8 {[%clk 01:20:34]} 21. Nd6 {[%clk 00:37:20]} Bf6 {[%clk
01:20:34]} 22. Qd5 {[%clk 00:37:20]} Bg6 {[%clk 01:20:34]} 23. Qc5 {[%clk
00:37:20]} Bxb2 {[%clk 01:20:34]} 24. Nxb7 {[%clk 00:37:20]} Qxb7 {[%clk
01:20:34]} 25. Bxc6 {[%clk 00:37:20]} Qc8 {[%clk 01:20:34]} 26. Bxa8 {[%clk
00:37:20]} Qxa8 {[%clk 01:20:34]} 27. Rcd1 {[%clk 00:37:20]} Rc8 {[%clk
01:20:34]} 28. Qxc8+ {[%clk 00:37:20]} Qxc8 {[%clk 01:20:34]} 29. Bc7 {[%clk
00:37:20]} Bf6 {[%clk 01:20:34]} 30. Rd8+ {[%clk 00:37:20]} Qxd8 {[%clk
01:20:34]} 31. Bxd8 {[%clk 00:37:20]} h5 {[%clk 01:20:34]} 32. Bxf6 {[%clk
00:37:20]} gxf6 {[%clk 01:20:34]} 33. Re8+ {[%clk 00:37:20]} Kg7 {[%clk
01:20:34]} 1-0

[Event "ODJM A 2025"]
[Site "Willingen GER"]
[Date "2025.06.14"]
[Round "9"]
[White "Mimkes, Antal"]
[Black "Walz, Fabian"]
[Result "1-0"]
[Termination "normal"]
[Board "14"]
[WhiteElo "2074"]
[BlackElo "1960"]
[WhiteClock "00:42:10"]
[BlackClock "00:35:02"]
[PlyCount "61"]
[WhiteFideId "16265963"]
[BlackFideId "34618520"]
[EventCountry "GER"]
[EventRounds "9"]
[EventType "swiss"]
[EventDate "2025.06.07"]

1. e4 {[%clk 01:30:51]} {[%emt 00:00:08]} c6 {[%clk 01:30:44]} {[%emt
00:00:17]} 2. d4 {[%clk 01:31:09]} {[%emt 00:00:12]} d5 {[%clk 01:31:08]}
{[%emt 00:00:06]} 3. e5 {[%clk 01:31:12]} {[%emt 00:00:27]} Bf5 {[%clk
01:31:30]} {[%emt 00:00:08]} 4. Nf3 {[%clk 01:31:27]} {[%emt 00:00:15]} e6
{[%clk 01:31:09]} {[%emt 00:00:50]} 5. Be2 {[%clk 01:28:57]} {[%emt 00:03:00]}
c5 {[%clk 01:28:20]} {[%emt 00:03:19]} 6. Be3 {[%clk 01:26:52]} {[%emt
00:02:36]} Qb6 {[%clk 01:22:40]} {[%emt 00:06:10]} 7. Nc3 {[%clk 01:21:51]}
{[%emt 00:05:31]} Qxb2 {[%clk 01:06:54]} {[%emt 00:16:16]} 8. Qb1 {[%clk
01:20:59]} {[%emt 00:01:23]} Qxc2 {[%clk 00:56:34]} {[%emt 00:10:50]} 9. Qb5+
{[%clk 01:17:46]} {[%emt 00:03:43]} Nd7 {[%clk 00:50:29]} {[%emt 00:06:35]} 10.
Rc1 {[%clk 01:15:29]} {[%emt 00:02:47]} a6 {[%clk 00:49:25]} {[%emt 00:01:34]}
11. Qxb7 {[%clk 01:14:13]} {[%emt 00:01:46]} Rb8 {[%clk 00:49:48]} {[%emt
00:00:05]} 12. Qxa6 {[%clk 01:13:58]} {[%emt 00:00:47]} Qb2 {[%clk 00:49:44]}
{[%emt 00:00:32]} 13. Bb5 {[%clk 01:13:35]} {[%emt 00:00:54]} c4 {[%clk
00:45:58]} {[%emt 00:04:16]} 14. Qc6 {[%clk 00:59:38]} {[%emt 00:14:27]} Rd8
{[%clk 00:44:19]} {[%emt 00:02:07]} 15. O-O {[%clk 00:51:58]} {[%emt 00:08:12]}
Ba3 {[%clk 00:40:13]} {[%emt 00:04:32]} 16. Na4 {[%clk 00:46:33]} {[%emt
00:05:59]} Ne7 {[%clk 00:36:24]} {[%emt 00:04:18]} 17. Qb7 {[%clk 00:46:13]}
{[%emt 00:00:50]} Qxa2 {[%clk 00:34:29]} {[%emt 00:02:24]} 18. Ra1 {[%clk
00:42:56]} {[%emt 00:03:47]} Qb3 {[%clk 00:34:33]} {[%emt 00:00:25]} 19. Nd2
{[%clk 00:42:48]} {[%emt 00:00:40]} Qb4 {[%clk 00:34:40]} {[%emt 00:00:22]} 20.
Nc5 {[%clk 00:43:06]} {[%emt 00:00:13]} O-O {[%clk 00:34:15]} 21. Nxd7 {[%clk
00:43:25]} {[%emt 00:01:06]} Rfe8 {[%clk 00:34:17]} 22. Nb1 {[%clk 00:40:50]}
{[%emt 00:03:32]} Bb2 {[%clk 00:33:06]} 23. Ra4 {[%clk 00:40:35]} {[%emt
00:02:27]} Qb3 {[%clk 00:33:30]} 24. Nd2 {[%clk 00:40:53]} {[%emt 00:00:18]}
Qc2 {[%clk 00:33:50]} 25. Nf6+ {[%clk 00:40:52]} {[%emt 00:00:40]} gxf6 {[%clk
00:34:04]} 26. Bxe8 {[%clk 00:40:52]} Rxe8 {[%clk 00:34:04]} 27. Qd7 {[%clk
00:41:40]} {[%emt 00:00:47]} Rb8 {[%clk 00:34:12]} 28. Ra7 {[%clk 00:41:31]}
{[%emt 00:01:14]} fxe5 {[%clk 00:34:19]} 29. Qxe7 {[%clk 00:41:49]} {[%emt
00:00:34]} Bg6 {[%clk 00:34:39]} 30. Bh6 {[%clk 00:42:04]} {[%emt 00:00:25]}
exd4 {[%clk 00:35:02]} 31. Rb7 {[%clk 00:42:10]} {[%emt 00:00:31]} 1-0

[Event "ODJM A 2025"]
[Site "Willingen GER"]
[Date "2025.06.14"]
[Round "9"]
[White "Walter, Richard"]
[Black "Kraus, Linus"]
[Result "0-1"]
[Termination "normal"]
[Board "15"]
[WhiteElo "2041"]
[BlackElo "1886"]
[WhiteClock "00:31:12"]
[BlackClock "01:02:15"]
[PlyCount "54"]
[WhiteFideId "34620028"]
[BlackFideId "34629629"]
[EventCountry "GER"]
[EventRounds "9"]
[EventType "swiss"]
[EventDate "2025.06.07"]

1. Nf3 {[%clk 01:30:59]} {[%emt 17:44:53]} d5 {[%clk 01:30:54]} {[%emt
00:00:06]} 2. g3 {[%clk 01:31:26]} {[%emt 00:00:03]} Nf6 {[%clk 01:31:18]}
{[%emt 00:00:06]} 3. Bg2 {[%clk 01:31:53]} {[%emt 00:00:03]} e6 {[%clk
01:31:41]} {[%emt 00:00:07]} 4. d4 {[%clk 01:32:19]} {[%emt 00:00:04]} Be7
{[%clk 01:32:04]} {[%emt 00:00:07]} 5. O-O {[%clk 01:32:45]} {[%emt 00:00:04]}
O-O {[%clk 01:32:28]} {[%emt 00:00:06]} 6. c4 {[%clk 01:33:13]} {[%emt
00:00:02]} c6 {[%clk 01:32:48]} {[%emt 00:00:10]} 7. Qc2 {[%clk 01:33:39]}
{[%emt 00:00:04]} Nbd7 {[%clk 01:32:57]} {[%emt 00:00:20]} 8. Rd1 {[%clk
01:33:44]} {[%emt 00:00:25]} b6 {[%clk 01:33:20]} {[%emt 00:00:08]} 9. Nbd2
{[%clk 01:33:51]} {[%emt 00:00:23]} Bb7 {[%clk 01:33:36]} {[%emt 00:00:14]} 10.
e4 {[%clk 01:31:23]} {[%emt 00:02:58]} dxc4 {[%clk 01:33:47]} {[%emt 00:00:20]}
11. Nxc4 {[%clk 01:27:37]} {[%emt 00:04:15]} c5 {[%clk 01:34:09]} {[%emt
00:00:07]} 12. Ng5 {[%clk 01:19:58]} {[%emt 00:08:09]} h6 {[%clk 01:34:17]}
{[%emt 00:00:22]} 13. e5 {[%clk 01:18:23]} {[%emt 00:02:06]} Bxg2 {[%clk
01:34:40]} {[%emt 00:00:07]} 14. exf6 {[%clk 01:17:57]} {[%emt 00:00:56]} Nxf6
{[%clk 01:35:01]} {[%emt 00:00:09]} 15. Kxg2 {[%clk 01:17:20]} {[%emt
00:01:07]} hxg5 {[%clk 01:35:23]} {[%emt 00:00:08]} 16. dxc5 {[%clk 01:14:33]}
{[%emt 00:03:17]} Qc7 {[%clk 01:35:32]} {[%emt 00:00:21]} 17. cxb6 {[%clk
01:14:55]} {[%emt 00:00:09]} axb6 {[%clk 01:35:44]} {[%emt 00:00:17]} 18. Qe2
{[%clk 01:09:03]} {[%emt 00:06:22]} Rfc8 {[%clk 01:27:55]} {[%emt 00:08:18]}
19. Ne5 {[%clk 01:04:19]} {[%emt 00:05:14]} Ra4 {[%clk 01:19:25]} {[%emt
00:09:00]} 20. f3 {[%clk 00:58:31]} {[%emt 00:06:18]} g4 {[%clk 01:12:26]}
{[%emt 00:07:28]} 21. Nxg4 {[%clk 00:51:22]} {[%emt 00:07:39]} Nxg4 {[%clk
01:12:47]} {[%emt 00:00:10]} 22. fxg4 {[%clk 00:51:49]} {[%emt 00:00:03]} Qc6+
{[%clk 01:12:41]} {[%emt 00:00:36]} 23. Qf3 {[%clk 00:50:54]} {[%emt 00:01:25]}
Re4 {[%clk 01:10:51]} {[%emt 00:02:20]} 24. Rf1 {[%clk 00:39:36]} {[%emt
00:11:47]} Re2+ {[%clk 01:06:57]} {[%emt 00:04:24]} 25. Kg1 {[%clk 00:32:34]}
{[%emt 00:07:32]} Bc5+ {[%clk 01:02:42]} {[%emt 00:04:45]} 26. Kh1 {[%clk
00:32:58]} {[%emt 00:00:05]} Re1 {[%clk 01:02:05]} {[%emt 00:01:07]} 27. Kg2
{[%clk 00:31:12]} {[%emt 00:02:16]} Rxf1 {[%clk 01:02:15]} {[%emt 00:00:20]}
0-1

[Event "ODJM A 2025"]
[Site "Willingen GER"]
[Date "2025.06.14"]
[Round "9"]
[White "Vollmar, Timo"]
[Black "Krause, Enrico"]
[Result "0-1"]
[Termination "normal"]
[Board "16"]
[WhiteElo "1885"]
[BlackElo "1792"]
[WhiteClock "01:18:38"]
[BlackClock "01:01:03"]
[PlyCount "46"]
[WhiteFideId "16253582"]
[BlackFideId "34618490"]
[EventCountry "GER"]
[EventRounds "9"]
[EventType "swiss"]
[EventDate "2025.06.07"]

1. e4 {[%clk 01:30:58]} {[%emt 00:00:01]} c6 {[%clk 01:30:57]} {[%emt
00:00:04]} 2. d4 {[%clk 01:31:19]} {[%emt 00:00:08]} d5 {[%clk 01:31:24]}
{[%emt 00:00:02]} 3. f3 {[%clk 01:31:38]} {[%emt 00:00:13]} Qb6 {[%clk
01:31:51]} {[%emt 00:00:03]} 4. Nc3 {[%clk 01:31:36]} {[%emt 00:00:32]} dxe4
{[%clk 01:32:15]} {[%emt 00:00:06]} 5. fxe4 {[%clk 01:32:01]} {[%emt 00:00:04]}
e5 {[%clk 01:32:39]} {[%emt 00:00:06]} 6. Nf3 {[%clk 01:31:29]} {[%emt
00:01:02]} exd4 {[%clk 01:33:02]} {[%emt 00:00:07]} 7. Nxd4 {[%clk 01:31:38]}
{[%emt 00:00:21]} Nd7 {[%clk 01:33:00]} {[%emt 00:00:33]} 8. Bc4 {[%clk
01:22:56]} {[%emt 00:09:11]} Bc5 {[%clk 01:28:43]} {[%emt 00:04:48]} 9. Na4
{[%clk 01:21:22]} {[%emt 00:02:04]} Qb4+ {[%clk 01:24:57]} {[%emt 00:04:15]}
10. c3 {[%clk 01:20:56]} {[%emt 00:00:56]} Qxc4 {[%clk 01:25:05]} {[%emt
00:00:23]} 11. b3 {[%clk 01:20:54]} {[%emt 00:00:31]} Qa6 {[%clk 01:25:23]}
{[%emt 00:00:12]} 12. Nf5 {[%clk 01:20:50]} {[%emt 00:00:35]} Bf8 {[%clk
01:18:20]} {[%emt 00:07:32]} 13. Bg5 {[%clk 01:19:04]} {[%emt 00:02:17]} Ngf6
{[%clk 01:07:52]} {[%emt 00:10:58]} 14. e5 {[%clk 01:18:15]} {[%emt 00:01:18]}
Nxe5 {[%clk 01:04:24]} {[%emt 00:03:59]} 15. Nd6+ {[%clk 01:18:39]} {[%emt
00:00:05]} Bxd6 {[%clk 01:04:44]} {[%emt 00:00:09]} 16. Qxd6 {[%clk 01:19:01]}
{[%emt 00:00:09]} Nd3+ {[%clk 01:04:44]} {[%emt 00:00:31]} 17. Kd2 {[%clk
01:17:55]} {[%emt 00:01:34]} Be6 {[%clk 01:04:05]} {[%emt 00:01:10]} 18. Kc2
{[%clk 01:17:48]} {[%emt 00:00:37]} Rd8 {[%clk 01:02:49]} {[%emt 00:01:45]} 19.
Qg3 {[%clk 01:17:52]} {[%emt 00:00:26]} Ne4 {[%clk 01:01:50]} {[%emt 00:01:30]}
20. Qe3 {[%clk 01:18:16]} {[%emt 00:00:05]} Nxg5 {[%clk 01:02:00]} {[%emt
00:00:21]} 21. Qxg5 {[%clk 01:18:40]} {[%emt 00:00:05]} O-O {[%clk 01:01:39]}
{[%emt 00:00:51]} 22. Rad1 {[%clk 01:18:58]} {[%emt 00:00:11]} Rd5 {[%clk
01:01:24]} {[%emt 00:00:47]} 23. Qe3 {[%clk 01:18:38]} {[%emt 00:00:49]} Bf5
{[%clk 01:01:03]} {[%emt 00:00:52]} 0-1